Polska w Konkursie Piosenki Eurowizji - Statystyki

Ogólne statystyki
  • Ten quiz został rozwiązany 192 razy
  • Średni wynik to 12 z 23
Statystyki odpowiedzi
Rok: Miejsce: Reprezentant: % Poprawnych
1994 2 Edyta Górniak
96%
2016 8 Michał Szpak
89%
2014 14 Donatan / Cleo
81%
2003 7 Ich Troje
79%
2006 BK Ich Troje
79%
1995 18 Justyna Steczkowska
59%
2011 BK Magdalena Tul
58%
2017 22 Kasia Moś
57%
2001 20 Andrzej Piaseczny
55%
2019 BK Tulia
54%
2018 BK Gromee
53%
2020 odwołany Alicja Szemplińska
52%
2004 17 Blue Cafe
46%
1999 18 Mietek Szcześniak
42%
2015 23 Monika Kuszyńska
42%
1996 15 Kasia Kowalska
40%
1997 11 Anna Maria Jopek
39%
2008 24 Isis Gee
34%
2005 BK Ivan i Delfin
32%
2010 BK Marcin Mroziński
30%
2007 BK The Jet Set
30%
2009 BK Lidia Kopania
29%
1998 17 Sixteen
29%
Nie znaleziono quizów pasujących do podanych kryteriów
Rozkład punktacji
Procent ludzi z każdym wynikiem
Percentyl według liczby udzielonych odpowiedzi
Twoja historia wyników
Nie rozwiązałeś tego quizu